[Event "FIN-chT 2324"]
[Site "Finland"]
[Date "2023.09.23"]
[Round "1.5"]
[White "Topi Hulmi, Teemu"]
[Black "Wallin, Aleksi"]
[Result "1/2-1/2"]
[WhiteElo "2228"]
[BlackElo "2184"]
[PlyCount "64"]
[EventDate "2023.09.23"]
[EventType "team-tourn"]
[EventRounds "12"]
[EventCountry "FIN"]
[SourceTitle "EXT 2024"]
[Source "ChessBase"]
[SourceDate "2023.10.10"]
[SourceVersion "1"]
[SourceVersionDate "2023.10.10"]
[SourceQuality "1"]
[WhiteTeam "Turku TuTS"]
[BlackTeam "Raahe Li"]
[WhiteTeamCountry "FIN"]
[BlackTeamCountry "FIN"]

1. d4 Nf6 2. Nf3 e6 3. c4 d5 4. Nc3 Be7 5. g3 0-0 6. Bg2 dxc4 7. Qa4 a6 8. Qxc4 b5 9. Qb3 Bb7 10. 0-0 c5 11. Rd1 Nbd7 12. Bg5 h6 13. Bxf6 Nxf6 14. dxc5 Qc7 15. a4 Bxc5 16. axb5 Qb6 17. Na4 Bxf2+ 18. Kf1 Qxb5 19. Qxb5 axb5 20. Kxf2 Rxa4 21. Rxa4 bxa4 22. Rd4 Ra8 23. Rb4 Bd5 24. Ne5 Bxg2 25. Kxg2 Nd5 26. Rb7 f6 27. Nd3 a3 28. bxa3 Rxa3 29. Nc5 Ra2 30. Kf3 Ra3+ 31. Kg2 Ra2 32. Kf3 Ra3+ 1/2-1/2

[Event "FIN-chT 2223"]
[Site "Finland"]
[Date "2022.11.12"]
[Round "6.3"]
[White "Ristoja, Jan"]
[Black "Topi Hulmi, Teemu"]
[Result "1-0"]
[WhiteElo "2212"]
[BlackElo "2254"]
[PlyCount "107"]
[EventDate "2022.09.24"]
[EventType "team-tourn"]
[EventRounds "11"]
[EventCountry "FIN"]
[SourceTitle "EXT 2024"]
[Source "ChessBase"]
[SourceDate "2023.10.10"]
[SourceVersion "1"]
[SourceVersionDate "2023.10.10"]
[SourceQuality "1"]
[WhiteTeam "Gambiitti"]
[BlackTeam "Turku TuTS"]
[WhiteTeamCountry "FIN"]
[BlackTeamCountry "FIN"]

1. c4 e5 2. g3 Nc6 3. Bg2 g6 4. Nc3 Bg7 5. d3 d6 6. Nf3 f5 7. Bg5 Nf6 8. 0-0 h6 9. Bxf6 Qxf6 10. Rb1 0-0 11. Nd5 Qf7 12. b4 Be6 13. Nd2 Nd8 14. Qa4 Kh7 15. b5 Qd7 16. Rb4 Nf7 17. Rfb1 g5 18. Qc2 Kh8 19. a4 g4 20. c5 Ng5 21. c6 bxc6 22. Qxc6 Qf7 23. Nxc7 Rac8 24. Nxe6 Rxc6 25. Nxg5 hxg5 26. bxc6 d5 27. Rb7 Qe6 28. Rd7 e4 29. Rbb7 Bc3 30. Nb3 Qxc6 31. d4 Qf6 32. e3 a5 33. Nc5 Rd8 34. Rh7+ Kg8 35. Rbg7+ Kf8 36. Rxg5 Bb4 37. Rhh5 Qb6 38. Rxf5+ Kg7 39. Rhg5+ Kh7 40. Rh5+ Kg7 41. Rfg5+ Kf7 42. Rh7+ Kf8 43. Nd7+ Rxd7 44. Rxd7 Qc6 45. Rdxd5 Qxa4 46. Bxe4 Qd1+ 47. Kg2 a4 48. Rb5 a3 49. Rxb4 a2 50. Rb8+ Ke7 51. Rg7+ Kf6 52. Ra7 a1Q 53. Rb6+ Kg5 54. Rg6+ 1-0

[Event "FIN-chT 2223"]
[Site "Finland"]
[Date "2022.10.15"]
[Round "3.4"]
[White "Haapasalo, Jukka Pekka"]
[Black "Topi Hulmi, Teemu"]
[Result "0-1"]
[WhiteElo "2075"]
[BlackElo "2254"]
[PlyCount "66"]
[EventDate "2022.09.24"]
[EventType "team-tourn"]
[EventRounds "11"]
[EventCountry "FIN"]
[SourceTitle "EXT 2024"]
[Source "ChessBase"]
[SourceDate "2023.10.10"]
[SourceVersion "1"]
[SourceVersionDate "2023.10.10"]
[SourceQuality "1"]
[WhiteTeam "Salo SalSK"]
[BlackTeam "Turku TuTS"]
[WhiteTeamCountry "FIN"]
[BlackTeamCountry "FIN"]

1. e4 c5 2. Nf3 Nc6 3. Bb5 g6 4. 0-0 Bg7 5. c3 Nf6 6. Re1 0-0 7. h3 a6 8. Bf1 d6 9. d4 cxd4 10. cxd4 b5 11. a4 b4 12. d5 Ne5 13. Nd4 Bb7 14. a5 Ned7 15. Nb3 Nc5 16. Nxc5 dxc5 17. Nd2 e6 18. d6 e5 19. Nc4 Nxe4 20. f3 Ng3 21. Nb6 Rb8 22. Be3 e4 23. f4 Bxb2 24. Bxc5 Nxf1 25. Rxf1 Bc6 26. Ra2 Bc3 27. Qb3 Qf6 28. Nd5 Bxd5 29. Qxd5 Rb5 30. Kh1 Rd8 31. Re2 Qf5 32. Qxf5 gxf5 33. Bb6 Rxd6 0-1

[Event "FIN-chT 2022"]
[Site "Finland"]
[Date "2022.05.22"]
[Round "8.4"]
[White "Topi Hulmi, Teemu"]
[Black "Kiili, Markus"]
[Result "1/2-1/2"]
[WhiteElo "2268"]
[BlackElo "2168"]
[PlyCount "129"]
[EventDate "2020.09.12"]
[EventType "team-tourn"]
[EventRounds "11"]
[EventCountry "FIN"]
[SourceTitle "EXT 2023"]
[Source "ChessBase"]
[SourceDate "2022.10.05"]
[SourceVersion "1"]
[SourceVersionDate "2022.10.05"]
[SourceQuality "1"]
[WhiteTeam "Turku TuTS"]
[BlackTeam "Gambiitti"]
[WhiteTeamCountry "FIN"]
[BlackTeamCountry "FIN"]

1. d4 Nf6 2. Bf4 d5 3. e3 e6 4. Nd2 Bd6 5. Bg3 b6 6. c3 Bb7 7. Bd3 Qe7 8. Ngf3 Nbd7 9. Ne5 a6 10. 0-0 c5 11. f4 Ne4 12. Bxe4 dxe4 13. Ndc4 Bc7 14. Nxd7 Qxd7 15. dxc5 Qxd1 16. Raxd1 bxc5 17. f5 Bd5 18. Nd6+ Bxd6 19. Bxd6 c4 20. fxe6 Bxe6 21. Rd4 0-0-0 22. b3 Kb7 23. bxc4 Rd7 24. c5 Kc6 25. Rb1 Rb7 26. Rxb7 Kxb7 27. Rb4+ Kc6 28. Rb6+ Kd5 29. Rxa6 Kc4 30. Ra4+ Kxc3 31. a3 Kb3 32. Rxe4 Ra8 33. Rb4+ Kc3 34. Be5+ Kd3 35. c6 f6 36. Bd6 Ra6 37. Bf8 Rxc6 38. Bxg7 Kxe3 39. h3 Bd5 40. Bh6+ Kd3 41. Rb2 Rc2 42. Rxc2 Kxc2 43. g4 Kb3 44. Bf8 Ka4 45. Kf2 Be4 46. Be7 Kb3 47. Ke3 Bg2 48. h4 Bf1 49. h5 Bh3 50. Kf4 Bf1 51. Kf5 Be2 52. Kf4 Ka4 53. Kg3 Bd1 54. Kh4 Be2 55. Bxf6 Kxa3 56. g5 Bd3 57. Kg3 Kb3 58. Kf4 Kc4 59. Ke5 Bc2 60. Be7 Bd3 61. Kf6 Be4 62. Kg7 Bd3 63. g6 Bxg6 64. hxg6 hxg6 65. Kxg6 1/2-1/2

[Event "FIN-chT 2022"]
[Site "Finland"]
[Date "2022.04.09"]
[Round "4.4"]
[White "Heinola, Vesa Pekka"]
[Black "Topi Hulmi, Teemu"]
[Result "1-0"]
[WhiteElo "2245"]
[BlackElo "2268"]
[PlyCount "123"]
[EventDate "2020.09.12"]
[EventType "team-tourn"]
[EventRounds "11"]
[EventCountry "FIN"]
[SourceTitle "EXT 2023"]
[Source "ChessBase"]
[SourceDate "2022.10.05"]
[SourceVersion "1"]
[SourceVersionDate "2022.10.05"]
[SourceQuality "1"]
[WhiteTeam "Sastamala VammSK"]
[BlackTeam "Turku TuTS"]
[WhiteTeamCountry "FIN"]
[BlackTeamCountry "FIN"]

1. d4 Nf6 2. c4 e6 3. Nf3 d5 4. Nc3 c6 5. cxd5 exd5 6. Qc2 Bd6 7. Bg5 0-0 8. e3 Nbd7 9. Bd3 h6 10. Bh4 Re8 11. 0-0 Nf8 12. Bg3 Bxg3 13. hxg3 Ng4 14. e4 dxe4 15. Nxe4 Ne6 16. Rad1 Qd5 17. Bc4 Qh5 18. d5 Ng5 19. Nexg5 hxg5 20. d6 Bd7 21. Rfe1 b5 22. Bb3 Rad8 23. Re7 Rf8 24. Qc5 Nh6 25. Qxg5 Bg4 26. Qxh5 Bxh5 27. Rxa7 Nf5 28. d7 c5 29. Rd5 Bxf3 30. gxf3 Nd4 31. Rxc5 Nxb3 32. axb3 Rb8 33. Rac7 Rb6 34. Rd5 Rbb8 35. Kf1 Rfd8 36. Ke2 Kf8 37. Re5 f6 38. Re4 Kf7 39. Kd3 Rb6 40. Kc3 Rd6 41. Rd4 Ke6 42. Rb7 Rc6+ 43. Kd3 Rc1 44. Rb6+ Ke7 45. Kd2 Rb1 46. Kc2 Rf1 47. Rd2 Rxd7 48. Re2+ Kf7 49. b4 Rd5 50. Rc6 Rf5 51. Rc7+ Kg6 52. f4 Rh5 53. Kd2 Rd5+ 54. Kc2 Rh5 55. Kb3 Rd5 56. g4 Rd3+ 57. Ka2 Rg1 58. f5+ Kh6 59. f4 Kh7 60. Rc8 Rgg3 61. Ree8 g5 62. Re7+ 1-0

[Event "FIN-chT 2022"]
[Site "Finland"]
[Date "2022.04.09"]
[Round "10.4"]
[White "Topi Hulmi, Teemu"]
[Black "Kekki, Petri"]
[Result "1/2-1/2"]
[WhiteElo "2268"]
[BlackElo "2300"]
[PlyCount "46"]
[EventDate "2020.09.12"]
[EventType "team-tourn"]
[EventRounds "11"]
[EventCountry "FIN"]
[SourceTitle "EXT 2023"]
[Source "ChessBase"]
[SourceDate "2022.10.05"]
[SourceVersion "1"]
[SourceVersionDate "2022.10.05"]
[SourceQuality "1"]
[WhiteTeam "Turku TuTS"]
[BlackTeam "Espoo MatSK"]
[WhiteTeamCountry "FIN"]
[BlackTeamCountry "FIN"]

1. e4 e6 2. d4 d5 3. exd5 exd5 4. c4 Nf6 5. Nc3 Be7 6. Bd3 0-0 7. Nge2 c6 8. 0-0 dxc4 9. Bxc4 Nbd7 10. Re1 Nb6 11. Bb3 Nbd5 12. Nf4 Re8 13. Nfxd5 Nxd5 14. Nxd5 cxd5 15. Qf3 Be6 16. Bf4 Qd7 17. Re3 Rac8 18. h3 Bf6 19. Be5 Bg5 20. Re2 f6 21. Bg3 Bf7 22. Rae1 Rxe2 23. Qxe2 Re8 1/2-1/2

[Event "FIN-chT 2022"]
[Site "Finland"]
[Date "2022.03.20"]
[Round "9.4"]
[White "Topi Hulmi, Teemu"]
[Black "Puuska, Heini"]
[Result "1-0"]
[WhiteElo "2268"]
[BlackElo "1992"]
[PlyCount "117"]
[EventDate "2020.09.12"]
[EventType "team-tourn"]
[EventRounds "11"]
[EventCountry "FIN"]
[SourceTitle "EXT 2023"]
[Source "ChessBase"]
[SourceDate "2022.10.05"]
[SourceVersion "1"]
[SourceVersionDate "2022.10.05"]
[SourceQuality "1"]
[WhiteTeam "Turku TuTS"]
[BlackTeam "Helsinki Ninja"]
[WhiteTeamCountry "FIN"]
[BlackTeamCountry "FIN"]

1. e4 d6 2. Nc3 Nf6 3. d4 Nbd7 4. Nf3 e5 5. Bc4 Be7 6. 0-0 h6 7. h3 0-0 8. a4 a5 9. Re1 c6 10. Ba2 Qc7 11. Nh4 Kh7 12. Nf5 Nb8 13. Nxe7 Qxe7 14. Be3 Na6 15. Qd2 Nb4 16. Bb3 exd4 17. Bxd4 Be6 18. e5 dxe5 19. Rxe5 Qd7 20. Bxe6 fxe6 21. Rd1 Qf7 22. Qe2 Rae8 23. Ne4 Nd7 24. Rxa5 Nd5 25. Nd6 Qe7 26. Nxe8 Rxe8 27. Qe4+ Kg8 28. Be5 Nxe5 29. Qxe5 b6 30. Raxd5 exd5 31. Qxe7 Rxe7 32. Kf1 Kf7 33. Rd3 Ra7 34. Rb3 Ra6 35. Ke2 Ke6 36. Rg3 Kf6 37. b3 Ra7 38. h4 g5 39. Rf3+ Kg6 40. Re3 Kf6 41. hxg5+ hxg5 42. Re8 c5 43. Kf3 Rd7 44. Kg4 c4 45. bxc4 dxc4 46. Re4 Rc7 47. Rd4 Ke5 48. c3 Rh7 49. g3 Rf7 50. f3 Rc7 51. Kxg5 Rg7+ 52. Kh4 Rh7+ 53. Kg4 Rg7+ 54. Kh3 Rc7 55. f4+ Ke6 56. g4 Rc8 57. Kg3 Rc7 58. Kf3 Rc8 59. Ke4 1-0

[Event "FIN-chT 2022"]
[Site "Finland"]
[Date "2021.11.20"]
[Round "7.4"]
[White "Aalto, Patrik"]
[Black "Topi Hulmi, Teemu"]
[Result "0-1"]
[WhiteElo "2081"]
[BlackElo "2268"]
[PlyCount "98"]
[EventDate "2020.09.12"]
[EventType "team-tourn"]
[EventRounds "11"]
[EventCountry "FIN"]
[SourceTitle "EXT 2023"]
[Source "ChessBase"]
[SourceDate "2022.10.05"]
[SourceVersion "1"]
[SourceVersionDate "2022.10.05"]
[SourceQuality "1"]
[WhiteTeam "Espoo MatSK II"]
[BlackTeam "Turku TuTS"]
[WhiteTeamCountry "FIN"]
[BlackTeamCountry "FIN"]

1. d4 d5 2. c4 c6 3. Nc3 Nf6 4. e3 e6 5. Nf3 Nbd7 6. Be2 Bd6 7. 0-0 0-0 8. b3 b6 9. Bb2 Bb7 10. Bd3 c5 11. cxd5 exd5 12. Rc1 Rc8 13. Qe2 Ne4 14. Rfd1 Ndf6 15. Ne5 Qe7 16. Rc2 Rfe8 17. Rdc1 Bxe5 18. dxe5 Nd7 19. f4 f6 20. Nxe4 dxe4 21. Bc4+ Kh8 22. e6 Nb8 23. f5 a6 24. Rd2 Red8 25. Rcd1 Rxd2 26. Qxd2 Nc6 27. Qe2 Rd8 28. Bd5 Nd4 29. exd4 Rxd5 30. Qxe4 Rxd4 31. Rxd4 Bxe4 32. Rxe4 Kg8 33. Re2 g6 34. g4 gxf5 35. gxf5 Kf8 36. Bc1 Qd6 37. e7+ Ke8 38. Bb2 Qd5 39. Bxf6 Qxf5 40. Bb2 Qb1+ 41. Kf2 Qxa2 42. Bg7 Qxb3 43. Bf8 Qc3 44. Re6 Qd4+ 45. Kg3 c4 46. Bh6 c3 47. Be3 Qd3 48. Kf4 c2 49. Rxb6 Qxe3+ 0-1

[Event "FIN-chT 1920"]
[Site "Finland"]
[Date "2020.02.09"]
[Round "8.5"]
[White "Topi Hulmi, Teemu"]
[Black "Ebeling, Mika"]
[Result "1/2-1/2"]
[WhiteElo "2263"]
[BlackElo "2266"]
[PlyCount "82"]
[EventDate "2019.09.14"]
[EventType "team-tourn"]
[EventRounds "11"]
[EventCountry "FIN"]
[SourceTitle "EXT 2022"]
[Source "ChessBase"]
[SourceDate "2021.10.06"]
[SourceVersion "1"]
[SourceVersionDate "2021.10.06"]
[SourceQuality "1"]
[WhiteTeam "Turku TuTS"]
[BlackTeam "Espoo MatSK"]
[WhiteTeamCountry "FIN"]
[BlackTeamCountry "FIN"]

1. e4 e5 2. Nf3 Nc6 3. Bb5 a6 4. Ba4 Nf6 5. 0-0 Be7 6. Re1 b5 7. Bb3 d6 8. c3 0-0 9. h3 Bb7 10. d4 Re8 11. Nbd2 Bf8 12. Bc2 g6 13. a4 exd4 14. cxd4 Nb4 15. Bb1 c5 16. d5 Bg7 17. Nf1 h6 18. Qb3 Nd7 19. Ne3 bxa4 20. Qxa4 a5 21. Qb3 Ba6 22. Bd2 Rb8 23. Qa3 Bb5 24. Bc3 Ra8 25. Bxg7 Kxg7 26. Qc3+ Qf6 27. Rd1 Be2 28. Rd2 Bxf3 29. Qxf6+ Kxf6 30. gxf3 Nb6 31. Kg2 a4 32. f4 Ra6 33. Kf3 h5 34. h4 Rea8 35. Ra3 Ra5 36. Ke2 Rb5 37. f3 Rba5 38. Rd1 Rb5 39. Rd2 Rba5 40. Rd1 Rb5 41. Rd2 Rba5 1/2-1/2

[Event "FIN-chT 1920"]
[Site "Finland"]
[Date "2020.02.08"]
[Round "7.5"]
[White "Mansner, Harry"]
[Black "Topi Hulmi, Teemu"]
[Result "1-0"]
[WhiteElo "2262"]
[BlackElo "2263"]
[PlyCount "81"]
[EventDate "2019.09.14"]
[EventType "team-tourn"]
[EventRounds "11"]
[EventCountry "FIN"]
[SourceTitle "EXT 2022"]
[Source "ChessBase"]
[SourceDate "2021.10.06"]
[SourceVersion "1"]
[SourceVersionDate "2021.10.06"]
[SourceQuality "1"]
[WhiteTeam "Helsinki Ninja"]
[BlackTeam "Turku TuTS"]
[WhiteTeamCountry "FIN"]
[BlackTeamCountry "FIN"]

1. d4 d5 2. c4 c6 3. Nf3 Nf6 4. e3 Bf5 5. Nc3 e6 6. Nh4 Bg6 7. Nxg6 hxg6 8. Bd2 Nbd7 9. Qc2 Qc7 10. h3 Be7 11. Be2 Rc8 12. 0-0 g5 13. e4 g4 14. e5 gxh3 15. g3 Ng8 16. f4 g6 17. c5 Nf8 18. b4 f5 19. b5 Bd8 20. bxc6 bxc6 21. Rab1 Qg7 22. Ba6 Rc7 23. Ne2 g5 24. Rb8 gxf4 25. Bxf4 Nd7 26. Ra8 Nh6 27. Qd2 Nf7 28. Kh2 Rh5 29. Rb1 Qg4 30. Qe3 Nf8 31. Nc3 Ng6 32. Be2 Nxf4 33. Bxg4 Ng2 34. Qe2 fxg4 35. Qxg4 Rf5 36. Rbb8 Rd7 37. Nb5 cxb5 38. c6 Rc7 39. Rxd8+ Nxd8 40. Qg8+ Rf8 41. Rxd8+ 1-0

[Event "FIN-chT 1819"]
[Site "Finland"]
[Date "2019.04.07"]
[Round "11.6"]
[White "Topi Hulmi, Teemu"]
[Black "Saastamoinen, Aarne"]
[Result "0-1"]
[WhiteElo "2239"]
[BlackElo "2073"]
[PlyCount "94"]
[EventDate "2018.09.15"]
[EventType "team-tourn"]
[EventRounds "11"]
[EventCountry "FIN"]
[SourceTitle "CBM 189 Extra"]
[Source "ChessBase"]
[SourceDate "2019.06.03"]
[SourceVersion "1"]
[SourceVersionDate "2019.06.03"]
[SourceQuality "1"]
[WhiteTeam "Turku TuTS"]
[BlackTeam "Joensuu SK"]
[WhiteTeamCountry "FIN"]
[BlackTeamCountry "FIN"]

1. e4 c5 2. Nc3 Nc6 3. Bb5 g6 4. Bxc6 dxc6 5. d3 Bg7 6. Be3 b6 7. Qd2 e5 8. f4 exf4 9. Bxf4 f6 10. Nf3 Bg4 11. 0-0-0 Bxf3 12. gxf3 Ne7 13. h4 Qd7 14. h5 0-0-0 15. Qf2 Qe6 16. h6 Bf8 17. d4 g5 18. Bg3 cxd4 19. Rxd4 Rxd4 20. Qxd4 Ng6 21. Rd1 Be7 22. Qd3 Ne5 23. Qa6+ Kb8 24. Ne2 Qc8 25. Qxc8+ Rxc8 26. Nd4 Bf8 27. Nf5 Kc7 28. Bxe5+ fxe5 29. Rg1 Re8 30. Rxg5 Re6 31. Kd2 Rxh6 32. Rg8 Rh2+ 33. Kd3 Bc5 34. Rg7+ Kb8 35. Ne7 Rh6 36. Nf5 Rh3 37. Kc4 Rxf3 38. b4 Bf8 39. b5 cxb5+ 40. Kd5 Bxg7 41. Nxg7 Rc3 42. Kxe5 Rxc2 43. Kf6 Rxa2 44. e5 Re2 45. e6 b4 46. e7 Rxe7 47. Kxe7 b3 0-1

[Event "Turku TuTS op"]
[Site "Turku"]
[Date "2018.12.01"]
[Round "2"]
[White "Pihlajasalo, Hannu"]
[Black "Topi Hulmi, Teemu"]
[Result "0-1"]
[WhiteElo "2184"]
[BlackElo "2260"]
[PlyCount "112"]
[EventDate "2018.11.30"]
[EventType "swiss"]
[EventRounds "5"]
[EventCountry "FIN"]
[SourceTitle "EXT 2021"]
[Source "ChessBase"]
[SourceDate "2020.10.23"]
[SourceVersion "1"]
[SourceVersionDate "2020.10.23"]
[SourceQuality "1"]

1. d4 d5 2. Nf3 Nf6 3. e3 Bf5 4. Bd3 Bxd3 5. cxd3 e6 6. 0-0 Be7 7. b3 0-0 8. Bb2 c6 9. Nbd2 a5 10. Ne5 a4 11. f4 Nbd7 12. Ndf3 Qb6 13. g4 Nxe5 14. Nxe5 Rfd8 15. g5 Nd7 16. Ng4 axb3 17. axb3 Rxa1 18. Bxa1 Ra8 19. Qc2 Ra3 20. Rb1 Nb8 21. Bc3 Na6 22. h4 Nb4 23. Bxb4 Qxb4 24. h5 Qa5 25. Kf2 Bb4 26. Kf3 Be7 27. g6 fxg6 28. hxg6 hxg6 29. Ne5 Ra2 30. Rb2 Rxb2 31. Qxb2 Qe1 32. Nxg6 Bf6 33. Qh2 Qf1+ 34. Kg4 Qd1+ 35. Kg3 Kf7 36. Ne5+ Bxe5 37. dxe5 Qxd3 38. Kg4 c5 39. Qa2 Qxe3 40. Qa4 Qe2+ 41. Kg3 Qd3+ 42. Kg4 Qf5+ 43. Kg3 Kg6 44. Qb5 d4 45. Qxb7 Qd3+ 46. Kg4 Qe2+ 47. Kg3 d3 48. Qd7 Qe3+ 49. Kg4 Qe2+ 50. Kg3 Qe1+ 51. Kg4 Qd1+ 52. Kg3 Qxb3 53. Kh4 Kf5 54. Qxg7 Kxf4 55. Qf6+ Ke3 56. Kg3 Kd4 0-1

[Event "Turku TuTS op"]
[Site "Turku"]
[Date "2018.11.30"]
[Round "1"]
[White "Topi Hulmi, Teemu"]
[Black "Auvinen, Esa"]
[Result "1-0"]
[WhiteElo "2260"]
[BlackElo "1914"]
[PlyCount "53"]
[EventDate "2018.11.30"]
[EventType "swiss"]
[EventRounds "5"]
[EventCountry "FIN"]
[SourceTitle "EXT 2021"]
[Source "ChessBase"]
[SourceDate "2020.10.23"]
[SourceVersion "1"]
[SourceVersionDate "2020.10.23"]
[SourceQuality "1"]

1. e4 e5 2. Bc4 Nf6 3. d3 Bc5 4. Nf3 d6 5. 0-0 0-0 6. c3 c6 7. Bb3 Bg4 8. h3 Be6 9. Bc2 h6 10. d4 exd4 11. cxd4 Bb6 12. Nc3 Bc4 13. Re1 Re8 14. Bf4 Bc7 15. Rc1 Nbd7 16. Bb1 Ba6 17. Qc2 Nf8 18. Rcd1 d5 19. Bxc7 Qxc7 20. e5 N6d7 21. Nxd5 Qa5 22. Ne3 c5 23. Qc3 Qc7 24. Nd5 Qc8 25. dxc5 Nxc5 26. Rc1 Nce6 27. Qxc8 1-0

[Event "FIN-chT 1819"]
[Site "Finland"]
[Date "2018.11.10"]
[Round "3.6"]
[White "Topi Hulmi, Teemu"]
[Black "Valkama, Eero"]
[Result "1-0"]
[WhiteElo "2239"]
[BlackElo "2226"]
[PlyCount "161"]
[EventDate "2018.09.15"]
[EventType "team-tourn"]
[EventRounds "11"]
[EventCountry "FIN"]
[SourceTitle "CBM 187 Extra"]
[Source "ChessBase"]
[SourceDate "2018.11.04"]
[SourceVersion "1"]
[SourceVersionDate "2018.11.04"]
[SourceQuality "1"]
[WhiteTeam "Turku TuTS"]
[BlackTeam "Salo SalSK"]
[WhiteTeamCountry "FIN"]
[BlackTeamCountry "FIN"]

1. d4 Nf6 2. c4 e6 3. Nc3 Bb4 4. e3 0-0 5. Bd3 c5 6. Nge2 d5 7. 0-0 dxc4 8. Bxc4 cxd4 9. exd4 Nc6 10. Bg5 Be7 11. Qd2 a6 12. a4 Qa5 13. Rfd1 Rd8 14. Rac1 b6 15. Bxf6 Bxf6 16. d5 Ne5 17. Ba2 Bb7 18. Qf4 b5 19. dxe6 fxe6 20. Bxe6+ Kh8 21. Bd5 Ng6 22. Qf3 Nh4 23. Qg4 Bxd5 24. Nxd5 Qxa4 25. Qxa4 bxa4 26. Nxf6 gxf6 27. Nc3 Rxd1+ 28. Rxd1 Rc8 29. Nxa4 Rc2 30. h3 Kg7 31. Rd6 Rc1+ 32. Kh2 Rc2 33. Rxa6 Nf5 34. g4 Nd4 35. Kg2 Ne2 36. b4 Nf4+ 37. Kg3 Nd3 38. b5 Nxf2 39. b6 Ne4+ 40. Kf4 Nd6 41. Ra7+ Kg6 42. Rc7 Rf2+ 43. Kg3 Ra2 44. Nc5 Rb2 45. b7 h5 46. gxh5+ Kxh5 47. Rd7 Nxb7 48. Rxb7 Rc2 49. Nd3 Rc3 50. Rd7 Kg5 51. Rd5+ f5 52. h4+ Kg6 53. Rd4 Kh5 54. Rd5 Kg6 55. Rd8 Ra3 56. Kf3 Rc3 57. Ke3 Ra3 58. Rb8 Kh5 59. Rb4 Ra1 60. Kf2 Ra3 61. Ne5 Ra2+ 62. Kg3 Ra5 63. Nf3 Rd5 64. Rb8 Ra5 65. Rg8 Kh6 66. Rg5 Rc5 67. Kf4 Ra5 68. Rxf5 Ra4+ 69. Kg3 Kg6 70. Rf4 Ra2 71. Rb4 Rc2 72. Rb5 Ra2 73. Rd5 Rc2 74. h5+ Kh6 75. Kh4 Rc6 76. Nd4 Rc1 77. Nf5+ Kh7 78. Rd7+ Kg8 79. Kg5 Kh8 80. Kh6 Rc6+ 81. Nd6 1-0

[Event "Naantali Avoin op"]
[Site "Naantali"]
[Date "2018.07.03"]
[Round "2"]
[White "Nieminen, Markus"]
[Black "Topi Hulmi, Teemu"]
[Result "0-1"]
[WhiteElo "2010"]
[BlackElo "2234"]
[PlyCount "126"]
[EventDate "2018.07.02"]
[EventType "swiss"]
[EventRounds "9"]
[EventCountry "FIN"]
[SourceTitle "EXT 2019"]
[Source "ChessBase"]
[SourceDate "2018.10.10"]
[SourceVersion "1"]
[SourceVersionDate "2018.10.10"]
[SourceQuality "1"]

1. e4 c5 2. c3 e6 3. d4 d5 4. e5 Nc6 5. Nf3 Bd7 6. a3 c4 7. Nbd2 Na5 8. Be2 Bc6 9. 0-0 Qd7 10. b4 cxb3 11. Nxb3 Ba4 12. Nfd2 Rc8 13. Qc2 Ne7 14. Qb2 Nec6 15. Rb1 Be7 16. Bd1 Nxb3 17. Bxb3 Na5 18. Bxa4 Qxa4 19. Qb5+ Qxb5 20. Rxb5 b6 21. Bb2 Rc6 22. Ra1 a6 23. Rb4 b5 24. Kf1 Bxb4 25. axb4 Nc4 26. Nxc4 dxc4 27. Ke2 0-0 28. Bc1 Ra8 29. Ra5 Rc7 30. Be3 f6 31. Kf3 Kf7 32. Kg4 Rd7 33. Kf4 Ke7 34. Ke4 Kd8 35. Bf4 Kc8 36. Ke3 Kb7 37. Ke2 h5 38. h3 g5 39. Bh2 f5 40. Ke3 Rg8 41. Ra2 h4 42. Ke2 Rdg7 43. Kf1 g4 44. Re2 gxh3 45. gxh3 Kc6 46. Ra2 Ra8 47. Ra5 Kd5 48. f3 Kc6 49. Bf4 Kb7 50. Bh2 Rag8 51. Ra2 Kb6 52. Re2 a5 53. bxa5+ Kxa5 54. d5 exd5 55. e6 Kb6 56. e7 Re8 57. Re6+ Kb7 58. Bd6 Kc8 59. Rf6 Kd7 60. Bb4 Rgxe7 61. Bxe7 Rxe7 62. Rb6 Re3 63. Rxb5 Kc6 0-1

[Event "Turku We TuTS A"]
[Site "Turku"]
[Date "2017.12.09"]
[Round "2"]
[White "Riihimaki, Pekka"]
[Black "Topi Hulmi, Teemu"]
[Result "0-1"]
[WhiteElo "1953"]
[BlackElo "2220"]
[PlyCount "112"]
[EventDate "2017.12.08"]
[EventType "swiss"]
[EventRounds "5"]
[EventCountry "FIN"]
[SourceTitle "EXT 2022"]
[Source "ChessBase"]
[SourceDate "2021.10.06"]
[SourceVersion "1"]
[SourceVersionDate "2021.10.06"]
[SourceQuality "1"]

1. e4 c5 2. Nf3 Nc6 3. Bb5 e6 4. Bxc6 bxc6 5. d3 Ne7 6. h4 Qc7 7. h5 h6 8. Be3 d6 9. Nc3 e5 10. Qd2 Rb8 11. b3 Ng8 12. Na4 Nf6 13. c3 Bg4 14. Nh2 Bxh5 15. f4 exf4 16. Bxf4 Nd7 17. 0-0 Be7 18. d4 cxd4 19. cxd4 0-0 20. Rac1 Rbc8 21. Rc3 Nf6 22. Re1 Bg6 23. Rce3 Nh5 24. Rh3 Nxf4 25. Qxf4 Bg5 26. Qg3 Rfe8 27. Nf3 Be7 28. e5 dxe5 29. Nxe5 Bd6 30. Qc3 Re6 31. Rhe3 Bf5 32. Nc5 Bxc5 33. Qxc5 Qb6 34. Nc4 Qxc5 35. dxc5 Rxe3 36. Rxe3 Be6 37. Nd6 Rb8 38. Re4 Kf8 39. Ra4 Ra8 40. Kf2 Ke7 41. Ke3 Kd7 42. Rb4 Ke7 43. Ra4 g5 44. g3 h5 45. Rd4 Bd5 46. Rd2 Rh8 47. Kd4 h4 48. gxh4 Rxh4+ 49. Ke5 Be6 50. Nf5+ Bxf5 51. Kxf5 f6 52. Rd6 Rf4+ 53. Kg6 g4 54. Rxc6 g3 55. Rc7+ Kd8 56. Rg7 Rg4+ 0-1

[Event "Turku We TuTS A"]
[Site "Turku"]
[Date "2017.12.08"]
[Round "1"]
[White "Topi Hulmi, Teemu"]
[Black "Norri, Roger"]
[Result "1-0"]
[WhiteElo "2220"]
[BlackElo "1910"]
[PlyCount "31"]
[EventDate "2017.12.08"]
[EventType "swiss"]
[EventRounds "5"]
[EventCountry "FIN"]
[SourceTitle "EXT 2022"]
[Source "ChessBase"]
[SourceDate "2021.10.06"]
[SourceVersion "1"]
[SourceVersionDate "2021.10.06"]
[SourceQuality "1"]

1. e4 e5 2. Nf3 Nc6 3. Bb5 a6 4. Ba4 Nf6 5. 0-0 b5 6. Bb3 d6 7. Ng5 d5 8. exd5 Nd4 9. Re1 Ng4 10. Nf3 Nxb3 11. axb3 Be7 12. Nxe5 Nxe5 13. Rxe5 f6 14. Re1 Qxd5 15. Nc3 Qd6 16. Nxb5 1-0

[Event "FIN-chT 1718"]
[Site "Finland"]
[Date "2017.12.03"]
[Round "6.4"]
[White "Topi Hulmi, Teemu"]
[Black "Koykka, Pekka"]
[Result "1/2-1/2"]
[WhiteElo "2217"]
[BlackElo "2352"]
[PlyCount "95"]
[EventDate "2017.09.16"]
[EventType "team-tourn"]
[EventRounds "11"]
[EventCountry "FIN"]
[SourceTitle "EXT 2019"]
[Source "ChessBase"]
[SourceDate "2018.10.10"]
[SourceVersion "1"]
[SourceVersionDate "2018.10.10"]
[SourceQuality "1"]
[WhiteTeam "Turku TuTS"]
[BlackTeam "Tampere Tammer"]
[WhiteTeamCountry "FIN"]
[BlackTeamCountry "FIN"]

1. e4 Nc6 2. Nf3 d6 3. d4 Nf6 4. Nc3 Bg4 5. Be2 e5 6. Be3 Be7 7. 0-0 0-0 8. h3 Bd7 9. a3 Re8 10. Bc4 Bf8 11. Qd3 exd4 12. Bxd4 Nxd4 13. Qxd4 Bc6 14. Rfe1 Nd7 15. Rad1 g6 16. Qd2 Bg7 17. Nd4 Ne5 18. Bb3 Qh4 19. Nxc6 Nxc6 20. Qd5 Qf4 21. Re3 Re5 22. Qc4 Rc5 23. Qe2 Nd4 24. Qd3 Be5 25. g3 Qh6 26. Kg2 Re8 27. Ba4 Nc6 28. Nd5 Bxb2 29. c3 Qg7 30. Qd2 Bxa3 31. Nxc7 Rc8 32. Nb5 Ne5 33. Nxa3 Ra5 34. Qc2 a6 35. Nb1 b5 36. Bb3 Qf6 37. Qd2 Ra1 38. Ba2 Nc4 39. Bxc4 Rxc4 40. Ree1 a5 41. Qxd6 Qxd6 42. Rxd6 a4 43. Red1 a3 44. e5 a2 45. Na3 Rxd1 46. Rxd1 Rxc3 47. Nxb5 Rb3 48. Ra1 1/2-1/2